LEADER 01195nam a2200265 i 4500 001 000000159746 003 CaOOAMICUS 005 20070303000000.0 008 070303s2006 it u000 u ita u 013 $a137109 020 $a88-6030-034-7 040 $aSeMil$bita 100 1 $aArendt, Hannah,$d<1906-1975>.$0(OLS)http://semarc/name/5933 240 10$aOn humanity in dark time : thoughts about Lessing.$0(OLS)http://semarc/title/141947 245 12$aL'umanità in tempi bui :$briflessioni su Lessing /$cHannah Arendt ; edizione italiana a cura di Laura Boella. 260 $aMilano :$bRaffaello Cortina,$c2006. 300 $a99 p. ;$c21 cm. 650 4$aLessing, Gotthold Ephraim.$0(OLS)http://semarc/subject/10123 700 1 $aBoella, Laura,$d<1949- >.$0(OLS)http://semarc/name/15572 850 $aSeMil 852 $aSeMil$W1$xVenegono$y1$m173 15 *$j111276$B111276$CSeMilBibl$Z2$F121002 $81 961 $aAcquisto: Àncora (Libreria) 996 $6020$a88-6030-034-7$9(OLS)http://semarc/number/75382 996 $6245$aL'umanità in tempi bui :$briflessioni su Lessing$9(OLS)http://semarc/title/141946 996 $6260$aMilano :$bRaffaello Cortina$9(OLS)http://semarc/publisher/31196 LEADER 01635nam a2200325 i 4500 001 000000108022 003 CaOOAMICUS 005 20170131000000.0 008 170131s1992 it u000 u ita u 013 $a80584 020 $a88-459-0782-1 040 $aSeMil$bita 100 1 $aWind, Edgar.$0(OLS)http://semarc/name/18000 240 14$aThe eloquence of symbols : studies in humanist art : Giorgione's «Tempesta» : with comments on Giorgione's poetic allegories.$0(OLS)http://semarc/title/407380 245 12$aL'eloquenza dei simboli. La Tempesta :$bcommento sulle allegorie poetiche di Giorgione /$cEdgar Wind ; A cura di Jaynie Anderson. 246 04$iTitolo in copertina:$aL'eloquenza dei simboli 260 $aMilano :$bAdelphi,$c1992. 300 $aXIII, 356 p. :$bill. ;$c24 cm. 490 0 $aIl ramo d'oro ;$v19 500 $aContiene : Bibliografia degli scritti di Edgar Wind. 650 4$aGiorgione . Tempesta.$0(OLS)http://semarc/subject/33856 700 1 $aAnderson, Jaynie.$0(OLS)http://semarc/name/51170 830 3$aIl ramo d'oro ;$v19.$0(OLS)http://semarc/title/10258 850 $aSeMil 852 $aSeMil$W1$xVenegono$y1$m5W VII 127$j64118$B64118$CSeMilBibl$Z2$F216347 $81 961 $aOmaggio: Altro 996 $6020$a88-459-0782-1$9(OLS)http://semarc/number/273065 996 $6245$aL'eloquenza dei simboli. La Tempesta :$bcommento sulle allegorie poetiche di Giorgione$9(OLS)http://semarc/title/407379 996 $6246$aL'eloquenza dei simboli$9(OLS)http://semarc/title/407381 996 $6260$aMilano :$bAdelphi$9(OLS)http://semarc/publisher/30018